Bob Dylan Albums by Cover - Statistics

General Stats
  • This quiz has been taken 335 times
  • The average score is 23 of 39
Answer Stats
Picture Hint Answer % Correct
27 May 1963 The {Freewheelin}' Bob Dylan
97%
19 March 1962 {Bob} {Dylan}
96%
13 January 1964 The {Times} {They} {Are} a-{Changin}'
94%
20 June 1966 {Blonde} on {Blonde}
93%
20 Januay 1975 {Blood} on the {Tracks}
90%
30 August 1965 {Highway} {61} {Revisited}
90%
9 April 1969 {Nashville} {Skyline}
84%
22 March 1965 {Bringing} {It} {All} {Back} {Home}
81%
5 January 1976 {Desire}
80%
8 June 1970 {Self} {Portrait}
80%
8 August 1964 {Another} {Side} of Bob Dylan
78%
27 December 1967 {John} {Wesley} {Harding}
78%
13 July 1973 {Pat} {Garrett} & {Billy} the {Kid}
74%
26 June 1975 The {Basement} {Tapes}
68%
20 August 1979 {Slow} {Train} {Coming}
65%
21 October 1970 {New} {Morning}
63%
27 October 1983 {Infidels}
58%
17 January 1974 {Planet} {Waves}
57%
12 August 1981 {Shot} of {Love}
57%
15 June 1978 {Street}-{Legal}
57%
16 November 1973 {Dylan}
56%
20 June 1980 {Saved}
55%
30 September 1997 {Time} {Out} of {Mind}
55%
11 September 2001 "{Love} and {Theft}"
50%
18 September 1989 {Oh} {Mercy}
50%
19 June 2020 {Rough} and {Rowdy} {Ways}
49%
8 June 1985 {Empire} {Burlesque}
44%
13 October 2009 {Christmas} in the {Heart}
43%
29 August 2006 {Modern} {Times}
43%
11 September 2012 {Tempest}
40%
11 September 1990 {Under} the {Red} {Sky}
39%
31 May 1988 {Down} in the {Groove}
36%
14 July 1986 {Knocked} {Out} {Loaded}
36%
27 October 1992 {Good} as {I} {Been} to {You}
35%
31 March 2017 {Triplicate}
34%
26 October 1993 {World} {Gone} {Wrong}
28%
28 April 2009 {Together} {Through} {Life}
25%
3 February 2015 {Shadows} in the {Night}
24%
20 May 2016 {Fallen} {Angels}
21%
No matching quizzes found
Score Distribution
Percent of People with Each Score
Percentile by Number Answered
Your Score History
You have not taken this quiz